[Event "AUTO-OPEN-4560"]
[Site "http://www.queenalice.com/game.php?id=1860411"]
[Date "2025.7.22"]
[Round "3"]
[White "delphicoracle"]
[Black "CCapivara"]
[Result "0-1"]
[WhiteElo "2688"]
[BlackElo "2324"]

1. d4 d6 2. e4 Nf6 3. Nc3 c6 4. f4 Qa5 5. Bd3 e5 6. Nf3 Bg4 7. Be3 Nbd7 8. O-O
Be7 9. h3 exf4 10. Bxf4 Bh5 11. Qd2 O-O 12. Nd5 Qd8 13. Rae1 cxd5 0-1

[Event "AUTO-OPEN-4609"]
[Site "http://www.queenalice.com/game.php?id=1861495"]
[Date "2025.8.12"]
[Round "1"]
[White "cerenzo72"]
[Black "delphicoracle"]
[Result "0-1"]
[WhiteElo "2196"]
[BlackElo "2690"]

1. e4 e6 2. d3 c5 3. g3 Nc6 4. Bg2 g6 5. Nf3 Bg7 6. O-O Nge7 7. c3 O-O 8. Be3 b6
9. Nbd2 Ba6 10. Qc2 Rc8 11. Rfd1 d5 12. exd5 Nxd5 13. Nb3 Nxe3 14. fxe3 Bh6 15.
e4 Qc7 16. d4 Rfd8 17. d5 exd5 18. exd5 Ne7 19. Nh4 Bc4 20. d6 Rxd6 21. Rxd6
Qxd6 22. Rd1 Qe6 23. Nf3 Nf5 24. Re1 Ne3 25. Qf2 Re8 26. Nbd2 Ba6 27. b3 Qd7 28.
c4 Ng4 29. Rxe8+ Qxe8 30. Qf1 Bxd2 31. Nxd2 Qe3+ 32. Kh1 Qxd2 33. Kg1 Bb7 34.
Bxb7 Qxh2# 0-1

[Event "AUTO-OPEN-4609"]
[Site "http://www.queenalice.com/game.php?id=1861496"]
[Date "2025.8.12"]
[Round "1"]
[White "delphicoracle"]
[Black "cerenzo72"]
[Result "1-0"]
[WhiteElo "2681"]
[BlackElo "2085"]

1. d4 Nf6 2. Bg5 d5 3. Nd2 Nc6 4. Ngf3 Bg4 5. e3 e5 6. h3 Bh5 7. g4 Bg6 8. dxe5
h6 9. Bh4 Nxe5 10. Nxe5 Qd6 11. Nxg6 fxg6 12. Bd3 g5 13. Bg6+ Kd7 14. Bg3 Qc6
15. c4 d4 16. Bf5+ Ke8 17. O-O h5 18. Nf3 Rd8 19. Bg6+ Ke7 20. exd4 1-0

[Event "AUTO-OPEN-4609"]
[Site "http://www.queenalice.com/game.php?id=1861537"]
[Date "2025.8.12"]
[Round "1"]
[White "Zero007"]
[Black "delphicoracle"]
[Result "0-1"]
[WhiteElo "2066"]
[BlackElo "2688"]

1. d4 e6 2. e4 d5 3. Nd2 a6 4. Ngf3 c5 5. exd5 exd5 6. dxc5 Bxc5 7. Nb3 Bb6 8.
Be2 Nf6 9. O-O O-O 10. c3 Nc6 11. Nbd4 Re8 12. Bg5 Qd6 13. Bxf6 Qxf6 14. Bd3 g6
15. Be2 Bg4 16. Nxc6 bxc6 17. Nd4 Bd7 18. Bf3 h5 19. Qd2 h4 20. Rfe1 h3 0-1

[Event "AUTO-OPEN-4609"]
[Site "http://www.queenalice.com/game.php?id=1861538"]
[Date "2025.8.12"]
[Round "1"]
[White "delphicoracle"]
[Black "Zero007"]
[Result "1-0"]
[WhiteElo "2689"]
[BlackElo "2039"]

1. d4 d5 2. Bf4 Nf6 3. e3 e6 4. Nd2 c5 5. c3 Bd6 6. Bxd6 Qxd6 7. f4 O-O 8. Bd3
cxd4 9. cxd4 Nc6 10. a3 Ne7 11. g4 h6 12. Qe2 Bd7 13. g5 hxg5 14. fxg5 1-0

[Event "AUTO-OPEN-4547"]
[Site "http://www.queenalice.com/game.php?id=1861618"]
[Date "2025.8.14"]
[Round "3"]
[White "delphicoracle"]
[Black "chessman"]
[Result "1-0"]
[WhiteElo "2684"]
[BlackElo "2040"]

1. Nf3 d5 2. c4 c6 3. g3 Nf6 4. Bg2 e6 5. O-O Be7 6. b3 O-O 7. Bb2 Nbd7 8. e3
Re8 9. Qe2 Nf8 10. Nc3 a6 11. Ne5 Bd7 12. d4 dxc4 13. bxc4 Rc8 14. g4 h6 15. f4
c5 16. g5 hxg5 17. fxg5 1-0

[Event "AUTO-OPEN-4547"]
[Site "http://www.queenalice.com/game.php?id=1861619"]
[Date "2025.8.14"]
[Round "3"]
[White "chessman"]
[Black "delphicoracle"]
[Result "0-1"]
[WhiteElo "2038"]
[BlackElo "2686"]

1. e4 c6 2. d4 d5 3. exd5 cxd5 4. Nf3 Nf6 5. Bd3 Nc6 6. c3 Bg4 7. O-O e6 8. Re1
Bd6 9. Nbd2 O-O 10. Qb3 Qc7 11. h3 Bh5 12. g4 Bg6 13. Nf1 Bxd3 0-1

[Event "AUTO-OPEN-4615"]
[Site "http://www.queenalice.com/game.php?id=1863166"]
[Date "2025.9.19"]
[Round "1"]
[White "cerenzo72"]
[Black "delphicoracle"]
[Result "0-1"]
[WhiteElo "2107"]
[BlackElo "2704"]

1. c4 b6 2. Nc3 Bb7 3. d4 e6 4. e4 Bb4 5. f3 f5 6. Bd3 Qh4+ 7. g3 Qh5 8. exf5
Nf6 9. fxe6 dxe6 10. Bf4 Nc6 11. a3 Bxc3+ 12. bxc3 O-O-O 13. Qe2 e5 14. g4 Qf7
15. dxe5 Nxg4 16. Bg5 Ncxe5 17. Bxd8 Nxd3+ 18. Qxd3 Rxd8 19. Qc2 Bxf3 20. Nxf3
Qxf3 21. Rf1 Qe3+ 22. Qe2 Qxc3+ 0-1

[Event "AUTO-OPEN-4615"]
[Site "http://www.queenalice.com/game.php?id=1863167"]
[Date "2025.9.19"]
[Round "1"]
[White "delphicoracle"]
[Black "cerenzo72"]
[Result "1-0"]
[WhiteElo "2705"]
[BlackElo "2112"]

1. d4 Nf6 2. Bg5 d5 3. Bxf6 exf6 4. e3 c6 5. g3 Bf5 6. Bg2 Nd7 7. Nd2 Nb6 8.
Ngf3 c5 9. O-O Be7 10. dxc5 Bxc5 11. Nb3 Be7 12. Nfd4 Be6 13. e4 O-O 14. Re1
dxe4 15. Bxe4 Rb8 16. Qh5 g6 17. Nxe6 fxe6 18. Bxg6 hxg6 19. Qxg6+ Kh8 20. Rad1
Qe8 21. Qh6+ Kg8 22. Rd4 f5 23. Rxe6 Bf6 24. Rxf6 Rxf6 25. Qxf6 Qf7 26. Qg5+ Kf8
27. Qh6+ Ke7 28. Qd6+ 1-0

[Event "AUTO-OPEN-4615"]
[Site "http://www.queenalice.com/game.php?id=1863190"]
[Date "2025.9.19"]
[Round "1"]
[White "MarcosT"]
[Black "delphicoracle"]
[Result "0-1"]
[WhiteElo "2019"]
[BlackElo "2692"]

1. d4 e6 2. e3 c5 3. c3 Nf6 4. Nd2 b6 5. Bd3 Bb7 6. Ngf3 Be7 7. O-O O-O 8. Ne5
d6 9. Ng4 Nbd7 10. f4 e5 11. fxe5 dxe5 12. dxe5 Nxg4 13. Qxg4 Nxe5 14. Bxh7+
Kxh7 15. Qh5+ Kg8 16. Qxe5 Re8 17. Qf5 Bf6 18. Nf3 Bc6 19. Re1 Be4 20. Qg4 Re6
21. Rf1 Be7 22. Nd2 Bxg2 23. Qxg2 Rg6 0-1

[Event "AUTO-OPEN-4615"]
[Site "http://www.queenalice.com/game.php?id=1863191"]
[Date "2025.9.19"]
[Round "1"]
[White "delphicoracle"]
[Black "MarcosT"]
[Result "1-0"]
[WhiteElo "2693"]
[BlackElo "2017"]

1. d4 d5 2. Bf4 c5 3. e3 cxd4 4. exd4 e6 5. Nd2 Nf6 6. c3 Nc6 7. Bd3 Be7 8. Qe2
O-O 9. Ngf3 Nd7 10. O-O Nf6 11. Rfe1 Nh5 12. Be3 f5 13. Ne5 Nf6 14. Bf4 Ne4 15.
Ndf3 Bg5 16. Nxc6 bxc6 17. Nxg5 Nxg5 18. Qh5 h6 19. Re3 Bd7 20. Rg3 Be8 21. Qe2
Bf7 22. Be5 Kh7 23. h4 1-0

[Event "AUTO-OPEN-4615"]
[Site "http://www.queenalice.com/game.php?id=1863206"]
[Date "2025.9.19"]
[Round "1"]
[White "delphicoracle"]
[Black "maurice916"]
[Result "1-0"]
[WhiteElo "2693"]
[BlackElo "1850"]

1. d4 d5 2. Nc3 Nf6 3. Bf4 a6 4. e3 Bg4 5. f3 Bd7 6. e4 dxe4 7. fxe4 e6 8. Qf3
Bc6 9. O-O-O Bb4 10. d5 Bxc3 11. dxc6 Bxb2+ 12. Kxb2 Qc8 13. Bh6 O-O 14. e5 Nd5
15. Qg4 g6 16. Rxd5 f5 17. exf6 Rxf6 18. Qd4 Rxf1 19. Qg7# 1-0